Toutes les communes de l'Aube sur une carte - Statistiques

Statistiques générales
  • Ce quiz a été pris 396 fois
  • Le résultat moyen est 86 sur 431
Réponses sur la Carte
Les réponses sont colorées sur une échelle allant du rouge au vert en fonction du pourcentage des utilisateurs qui les ont devinées à leur premier essai. Vous pouvez retrouver ces pourcentages ci-dessous.
 
Statistiques - réponses
Initiale Réponse Population (2021) % Correct
T Troyes 62 782
98%
B Bar-sur-Aube 4 753
91%
B Bar-sur-Seine 2 877
91%
R Romilly-sur-Seine 14 766
77%
N Nogent-en-Othe 45
75%
N Nogent-sur-Aube 304
75%
N Nogent-sur-Seine 5 809
75%
(La) C La Chapelle-Saint-Luc 12 299
74%
(La) V La Ville-aux-Bois 28
70%
Sᵗ Saint-André-les-Vergers 12 775
69%
V Ville-sous-la-Ferté 905
69%
V Ville-sur-Arce 201
69%
V Ville-sur-Terre 99
69%
Sᵗ Saint-Julien-les-Villas 6 745
67%
Ste Sainte-Savine 10 515
62%
P Pont-Sainte-Marie 5 143
60%
P Pont-sur-Seine 1 156
60%
Sᵗ Saint-Parres-aux-Tertres 3 201
59%
Sᵗ Saint-Parres-lès-Vaudes 1 066
59%
C Chaource 1 015
57%
A Aix-Villemaur-Pâlis 3 437
52%
B Brienne-la-Vieille 394
52%
B Brienne-le-Château 2 738
52%
R Rosières-près-Troyes 4 749
51%
A Arcis-sur-Aube 2 759
50%
L Lusigny-sur-Barse 2 244
50%
M Mesnil-la-Comtesse 53
49%
M Mesnil-Lettre 58
49%
M Mesnil-Saint-Loup 588
49%
M Mesnil-Saint-Père 438
49%
M Mesnil-Sellières 583
49%
P Petit-Mesnil 202
49%
B Bréviandes 3 034
48%
Sᵗ Saint-Germain 2 348
45%
B Barberey-Saint-Sulpice 1 563
43%
(La) R La Rivière-de-Corps 3 651
42%
L Lavau 934
42%
B Buchères 1 895
41%
(Les) R Les Riceys 1 197
41%
Sᵗ Saint-Lyé 2 870
41%
(La) V La Villeneuve-au-Châtelot 147
40%
(La) V La Villeneuve-au-Chêne 403
40%
Ste Sainte-Maure 1 766
40%
Sᵗ Saint-Jean-de-Bonneval 403
40%
V Vendeuvre-sur-Barse 2 287
40%
B Bouilly 1 076
39%
(Les) N Les Noës-près-Troyes 3 267
39%
E Estissac 1 830
38%
M Mailly-le-Camp 2 021
38%
P Piney 1 447
37%
C Creney-près-Troyes 1 997
36%
D Dolancourt 127
35%
V Villeneuve-au-Chemin 187
35%
V Villy-en-Trodes 254
35%
V Villy-le-Bois 56
35%
V Villy-le-Maréchal 189
35%
F Fontaine 248
34%
F Fontaine-les-Grès 892
34%
F Fontaine-Mâcon 616
34%
C Champ-sur-Barse 26
33%
C Clérey 1 142
33%
G Géraudot 333
33%
P Payns 1 384
33%
D Dienville 834
32%
M Marigny-le-Châtel 1 756
32%
M Montgueux 390
32%
T Torvilliers 1 042
32%
V Verrières 1 854
32%
M Marcilly-le-Hayer 719
31%
M Méry-sur-Seine 1 425
31%
Sᵗ Saint-Benoît-sur-Seine 400
31%
Sᵗ Saint-Martin-de-Bossenay 357
31%
Sᵗ Saint-Pouange 994
31%
V Vaudes 722
30%
C Chapelle-Vallon 236
29%
E Ervy-le-Châtel 1 113
29%
N Neuville-sur-Seine 389
29%
N Neuville-sur-Vanne 458
29%
Sᵗ Saint-Léger-près-Troyes 911
29%
Sᵗ Saint-Léger-sous-Brienne 384
29%
Sᵗ Saint-Léger-sous-Margerie 50
29%
A Auxon 982
28%
F Feuges 331
28%
Sᵗ Saint-Thibault 547
28%
V Villiers-Herbisse 83
28%
V Villiers-le-Bois 102
28%
V Villiers-sous-Praslin 69
28%
M Maizières-la-Grande-Paroisse 1 513
27%
M Maizières-lès-Brienne 159
27%
R Rouilly-Sacey 388
27%
R Rouilly-Saint-Loup 528
27%
R Rumilly-lès-Vaudes 573
27%
E Essoyes 714
26%
Sᵗ Saint-Mesmin 898
26%
P Pel-et-Der 128
25%
Sᵗ Saint-Étienne-sous-Barbuise 177
25%
C Celles-sur-Ource 483
24%
C Charmont-sous-Barbuise 1 025
24%
F Fouchères 516
24%
(Le) P Le Pavillon-Sainte-Julie 282
24%
M Montier-en-l'Isle 220
24%
M Mussy-sur-Seine 975
24%
V Villechétif 947
24%
D Dosches 313
23%
S Savières 1 050
23%
S Souligny 372
23%
V Villenauxe-la-Grande 2 645
23%
V Voué 707
23%
A Aubeterre 385
22%
F Fontvannes 712
22%
(La) L La Loge-aux-Chèvres 95
22%
(La) L La Loge-Pomblin 64
22%
M Maison-des-Champs 34
22%
P Polisot 323
22%
P Polisy 179
22%
R Ramerupt 411
22%
Sᵗ Saint-Phal 513
22%
B Bercenay-en-Othe 427
21%
B Bercenay-le-Hayer 194
21%
C Chappes 350
21%
I Isle-Aubigny 171
21%
I Isle-Aumont 475
21%
(La) M La Motte-Tilly 365
21%
V Villacerf 603
21%
V Villemoyenne 734
21%
A Avant-lès-Marcilly 499
20%
A Avant-lès-Ramerupt 153
20%
B Bucey-en-Othe 437
20%
G Gyé-sur-Seine 470
20%
M Montigny-les-Monts 253
20%
M Montreuil-sur-Barse 288
20%
M Moussey 658
20%
P Pars-lès-Chavanges 46
20%
P Pars-lès-Romilly 823
20%
Sᵗ Saint-Remy-sous-Barbuise 250
20%
B Bourguignons 255
19%
C Châtres 703
19%
C Courteranges 578
19%
(Le) C Le Chêne 284
19%
(Les) B Les Bordes-Aumont 530
19%
(Les) G Les Grandes-Chapelles 397
19%
M Magny-Fouchard 261
19%
M Montaulin 811
19%
M Montiéramey 404
19%
N Noé-les-Mallets 108
19%
T Thennelières 330
19%
V Vauchassis 499
19%
V Virey-sous-Bar 597
19%
C Crancey 704
18%
D Droupt-Saint-Basle 348
18%
D Droupt-Sainte-Marie 249
18%
L Laines-aux-Bois 530
18%
M Mergey 671
18%
O Origny-le-Sec 600
18%
O Ossey-les-Trois-Maisons 597
18%
Sᵗ Saint-Aubin 588
18%
Sᵗ Saint-Flavy 295
18%
Sᵗ Saint-Loup-de-Buffigny 210
18%
S Soulaines-Dhuys 419
18%
V Vitry-le-Croisé 223
18%
B Bagneux-la-Fosse 173
17%
B Barbuise 461
17%
B Bouy-Luxembourg 252
17%
B Bouy-sur-Orvin 53
17%
B Brévonnes 661
17%
B Buxeuil 116
17%
C Champigny-sur-Aube 100
17%
C Chavanges 593
17%
C Colombé-la-Fosse 172
17%
C Colombé-le-Sec 154
17%
C Cormost 299
17%
D Dierrey-Saint-Julien 270
17%
D Dierrey-Saint-Pierre 310
17%
F Ferreux-Quincey 407
17%
J Jeugny 465
17%
J Jully-sur-Sarce 209
17%
M Macey 990
17%
M Marolles-lès-Bailly 115
17%
M Marolles-sous-Lignières 352
17%
P Plancy-l'Abbaye 966
17%
P Poligny 59
17%
P Prugny 366
17%
P Prunay-Belleville 216
17%
R Rigny-la-Nonneuse 156
17%
R Rigny-le-Ferron 321
17%
R Ruvigny 497
17%
Sᵗ Saint-Hilaire-sous-Romilly 347
17%
Sᵗ Saint-Oulph 318
17%
T Torcy-le-Grand 449
17%
T Torcy-le-Petit 75
17%
V Vallant-Saint-Georges 411
17%
A Amance 246
16%
B Bouranton 615
16%
C Champignol-lez-Mondeville 258
16%
C Crésantignes 314
16%
E Eaux-Puiseaux 254
16%
F Fay-lès-Marcilly 88
16%
J Javernant 155
16%
L Laubressel 568
16%
(Le) M Le Mériot 623
16%
(Les) G Les Granges 82
16%
L Lhuître 279
16%
L Lirey 110
16%
M Magnant 162
16%
M Messon 469
16%
Sᵗ Saint-Nicolas-la-Chapelle 69
16%
S Salon 126
16%
V Vailly 303
16%
A Arsonval 295
15%
B Bayel 743
15%
C Chamoy 502
15%
C Chauchigny 225
15%
C Chauffour-lès-Bailly 129
15%
C Chessy-les-Prés 527
15%
C Courteron 102
15%
C Cunfin 174
15%
C Cussangy 199
15%
F Faux-Villecerf 205
15%
F Fresnoy-le-Château 300
15%
(Les) C Les Croûtes 92
15%
(Les) L Les Loges-Margueron 216
15%
L Luyères 461
15%
M Mesgrigny 265
15%
P Plaines-Saint-Lange 263
15%
P Poivres 158
15%
P Pouan-les-Vallées 507
15%
R Rilly-Sainte-Syre 230
15%
R Roncenay 168
15%
S Sommeval 305
15%
U Urville 117
15%
V Villery 270
15%
A Allibaudières 213
14%
A Argançon 114
14%
B Balnot-la-Grange 115
14%
B Balnot-sur-Laignes 154
14%
B Briel-sur-Barse 198
14%
C Chennegy 458
14%
F Fontenay-de-Bossery 71
14%
H Herbisse 151
14%
J Jessains 254
14%
(La) S La Saulsotte 675
14%
L Loches-sur-Ources 346
14%
M Maraye-en-Othe 430
14%
P Paisy-Cosdon 333
14%
Sᵗ Saint-Lupien 228
14%
Sᵗ Saint-Mards-en-Othe 639
14%
B Bergères 112
13%
B Bligny 161
13%
D Dampierre 333
13%
É Échemines 87
13%
F Fontette 178
13%
G Gélannes 713
13%
L Landreville 384
13%
L Lesmont 302
13%
M Merrey-sur-Arce 325
13%
O Onjon 262
13%
O Orvilliers-Saint-Julien 311
13%
P Praslin 86
13%
R Racines 171
13%
R Radonvilliers 341
13%
Sᵗ Saint-Christophe-Dodinicourt 32
13%
T Thieffrain 155
13%
T Traînel 1 024
13%
V Villeloup 126
13%
V Vosnon 234
13%
V Vulaines 225
13%
A Ailleville 227
12%
A Assenay 140
12%
A Avon-la-Pèze 201
12%
B Bossancourt 194
12%
B Bragelogne-Beauvoir 228
12%
B Buxières-sur-Arce 115
12%
C Courtenot 219
12%
L Lagesse 209
12%
(La) V La Vendue-Mignot 243
12%
L Longeville-sur-Mogne 140
12%
M Machy 111
12%
M Marnay-sur-Seine 235
12%
M Meurville 155
12%
M Montceaux-lès-Vaudes 251
12%
M Montsuzain 400
12%
V Villemoiron-en-Othe 204
12%
A Arrelles 85
11%
A Arrentières 198
11%
A Avirey-Lingey 201
11%
A Avreuil 169
11%
B Bailly-le-Franc 37
11%
B Bertignolles 51
11%
C Chacenay 53
11%
C Channes 124
11%
C Chervey 153
11%
C Couvignon 198
11%
D Davrey 220
11%
D Dosnon 99
11%
É Éclance 92
11%
É Éguilly-sous-Bois 114
11%
J Juzanvigny 126
11%
L Lignol-le-Château 166
11%
L Longpré-le-Sec 77
11%
M Maisons-lès-Chaource 169
11%
M Maisons-lès-Soulaines 70
11%
M Maupas 101
11%
M Metz-Robert 58
11%
N Nozay 153
11%
P Planty 231
11%
P Puits-et-Nuisement 206
11%
R Rhèges 209
11%
R Rouvres-les-Vignes 113
11%
S Spoy 149
11%
T Trancault 180
11%
T Trannes 200
11%
V Verpillières-sur-Ource 110
11%
V Villemereuil 242
11%
V Villemorien 200
11%
V Villette-sur-Aube 250
11%
A Assencières 187
10%
B Baroville 285
10%
B Beurey 178
10%
C Champfleury 105
10%
C Charny-le-Bachot 249
10%
C Coclois 172
10%
É Étrelles-sur-Aube 156
10%
F Fralignes 91
10%
G Grandville 88
10%
G Gumery 217
10%
J Jaucourt 149
10%
(La) F La Fosse-Corduan 214
10%
L Lentilles 129
10%
M Mathaux 205
10%
O Ormes 174
10%
P Plessis-Barbuise 179
10%
P Précy-Notre-Dame 72
10%
P Précy-Saint-Martin 182
10%
Sᵗ Saint-Benoist-sur-Vanne 233
10%
V Villadin 103
10%
V Vinets 181
10%
B Bernon 164
9%
B Bérulle 196
9%
B Boulages 223
9%
C Charmoy 66
9%
C Chaudrey 138
9%
C Chesley 304
9%
C Courceroy 144
9%
D Dommartin-le-Coq 56
9%
E Engente 31
9%
É Épothémont 156
9%
F Fravaux 36
9%
(La) C La Chaise 33
9%
L Lantages 206
9%
L Lévigny 92
9%
L Longchamp-sur-Aujon 367
9%
P Périgny-la-Rose 153
9%
P Pougy 278
9%
R Rosnay-l'Hôpital 164
9%
Sᵗ Saint-Nabord-sur-Aube 136
9%
Sᵗ Saint-Usage 70
9%
S Semoine 210
9%
S Soligny-les-Étangs 251
9%
T Thors 67
9%
T Trouans 210
9%
U Unienville 109
9%
V Val-d'Auzon 372
9%
V Vanlay 290
9%
V Vaupoisson 121
9%
A Arconville 105
8%
A Aulnay 117
8%
B Bessy 118
8%
B Bourdenay 117
8%
B Braux 112
8%
C Chaumesnil 106
8%
C Courcelles-sur-Voire 25
8%
C Coursan-en-Othe 102
8%
C Courtaoult 85
8%
C Coussegrey 179
8%
É Étourvy 152
8%
F Fays-la-Chapelle 130
8%
F Fuligny 41
8%
H Hampigny 224
8%
J Jasseines 166
8%
J Juvanzé 35
8%
(La) L La Louptière-Thénard 290
8%
(La) R La Rothière 118
8%
L Lignières 221
8%
L Longsols 132
8%
M Montmartin-le-Haut 62
8%
O Ortillon 23
8%
P Pargues 138
8%
P Perthes-lès-Brienne 65
8%
P Pouy-sur-Vannes 178
8%
P Proverville 230
8%
P Prusy 92
8%
V Vauchonvilliers 170
8%
V Verricourt 59
8%
V Viâpres-le-Petit 136
8%
V Viviers-sur-Artaut 122
8%
Y Yèvres-le-Petit 53
8%
A Arrembécourt 46
7%
B Blaincourt-sur-Aube 103
7%
C Chalette-sur-Voire 123
7%
C Chaserey 48
7%
C Crespy-le-Neuf 136
7%
É Épagne 137
7%
J Juvancourt 113
7%
L Longueville-sur-Aube 129
7%
M Magnicourt 88
7%
M Montfey 116
7%
M Montmorency-Beaufort 148
7%
M Montpothier 333
7%
M Morvilliers 272
7%
P Prémierfait 89
7%
T Thil 109
7%
T Turgy 42
7%
V Vallentigny 183
7%
V Vallières 168
7%
V Vernonvilliers 54
7%
V Vougrey 42
7%
B Balignicourt 58
6%
B Bétignicourt 32
6%
B Brillecourt 84
6%
D Donnement 73
6%
F Fresnay 50
6%
M Molins-sur-Aube 103
6%
M Morembert 29
6%
S Saulcy 63
6%
V Voigny 142
6%
B Blignicourt 42
5%
L Lassicourt 56
5%
R Rances 45
5%
V Villeret 64
5%
J Joncreuil 96
4%
V Vaucogne 73
4%
Aucun quiz correspondant
Distribution des résultats
% des personnes avec chaque résultat
Percentile par nombre de réponses
Votre historique - résultats
Vous n’avez pas pris ce quiz